Bilder nach Buchstabe - U #2 - Statistiken

Allgemein
  • Dieses Quiz wurde 87 mal gespielt
  • Das Durchschnittsergebnis liegt bei 10 aus 16
Antwortstatistiken
Bildquiz Antwort % Korrekt
U-Bahn
100%
Ungarn
94%
Uganda
86%
Umleitung
74%
Unterführung
74%
U2
69%
Ulme
69%
Urteil
69%
Unke
65%
Usedom
57%
Uncle Sam
53%
Urmel aus dem Eis
53%
Ulmen
40%
US Open
31%
Usbekistan
24%
Ugli
0%
Keine übereinstimmenden Quizze gefunden
Verteilung der Resultate
Anzahl Personen mit jedem Resultat
Perzentil nach korrekt beantworteten Fragen
Ihre Resultats-Entwicklung
Sie haben dieses Quiz noch nicht gespielt